Quizzes
Events
Quiz Creation
Community
Videos
Private Events
Remove Ads
Sign In
Join for FREE
Feedback
Dark Mode
Quiz Categories
Sports
Geography
Music
Movies
Television
Just For Fun
Miscellaneous
History
Literature
Language
Science
Gaming
Entertainment
Religion
Holiday
For Kids
Quiz Lab
Recent
Popular Today
Quiz Kudos Today
Editor Picks
Curator Picks
Quizzes by...
Day
Popularity
Type
Ratings
Length
Year
Community
Subscriptions
Recent Discussions
Orange Saloon
Badges
Playlists
Quests
Create
Leaderboards
Showdown
Live 5
Trivia Bingo
Activity
Puzzle Library
Sporcle Events
Private Events
Virtual Trivia
Globe League
Become a Host
Pub Owners
SporcleCon
Opinionation
Our Games
Videos
Blog
Mobile Apps
Partnerships
Remove Ads and Go Orange
Feedback
Sports
Athletes
MLB
NBA
NHL
NFL
Soccer
Sports Teams
WWE
NCAA
Football
Premier League
Basketball
Baseball
Hockey
Golf
Tennis
Cricket
Rugby
Auto Racing
Olympics
World Cup
Sports
Athletes
MLB
NBA
NHL
NFL
Soccer
Sports Teams
WWE
NCAA
Football
Premier League
Basketball
Baseball
Hockey
Golf
Tennis
Cricket
Rugby
Auto Racing
Olympics
World Cup
Random Quiz
Search Sporcle
×
Quiz Lab
Quiz Lab
Sports
Vraag
Type in answers that appear in a list
Type in answers that appear in a list
Classic
Best Score? Go Orange.
De Ezel Quiz Stats
Can you name the De Ezel Quiz?
By
Kassie91
10m
45 Questions
45 Plays
45 Plays
45 Plays
Comments
Comments
Give Quiz Kudos
Give Quiz Kudos
-
- Ratings
hide this ad
More Info
Forced Order
Answers have to be entered in order
Answers have to be entered in order
Replay
Link that replays current quiz
Next Quiz
Link to next quiz in quiz playlist
You Got
0%
They Got
Avg Score
64%
Avg Friend Score
Upgrade to see
Score Distribution
Jump to the score distribution portion of the page
Score
0/45
Timer
10:00
0
Plays Today
Vraag
Antwoord
% Correct
Met welk lichaamsdeel neemt Marc voornamelijk de bal aan?
Knie
91.1%
Wie haalt doorgaans de bal van het dak af?
Vosje
88.9%
Wie moet bijna nooit staan?
Kos
88.9%
Wie is zwaar irritant, als ie meedoet?
Betten of Oost
86.7%
Wie staat er bijna altijd?
Vosje
86.7%
Wat gebeurt er als je op een neger schiet?
punt eraf
84.4%
Wie scoort vaak uit de draai?
Vosje
82.2%
Wie heeft veel rendement?
Kos
82.2%
Wie komt altijd te laat, of in ieder geval als laatste?
Jeff
82.2%
Wie heeft altijd een engeltje boven zijn hoofd?
Goof
80%
Wie heeft dit op zijn geweten?
Goof
80%
Naast Jeff en Marc is er nog een meester van de knie. Wie?
Redmer
80%
Wie moet altijd eerst een uur lang poepen, voordat hij komt ezelen?
Betten
80%
Hoe heet het speelterrein van Ezelen, waar tegenwoordig niet meer geëzeld mag worden?
Geklets en geboem
77.8%
Wat doet de Hunter altijd voordat hij een bal voorgeeft?
Vinger nat maken
77.8%
Hoe scoort Goof vaak zijn doelpuntjes?
met de hak
77.8%
Wie scoort vaak met de knie?
Jeff
75.6%
Wie kreeg de bal snoeihard tegen zijn hoofd, bij kontje raggen, een dag voordat hij op vakantie zou gaan? (dit was het laatste schot)
Thijs
73.3%
Tussen wie wordt de volgende combinatie vaak met veel succes uitgevoerd: De een staat bij de linkerpaal vrij. De ander heeft de bal in het midden en dreigt te schieten, maar passt
Goof en Kos
73.3%
Welke andere nationaliteit heeft ooit een keer meegedaan aan een potje ezelen? (meegebracht door dhr Kooistra)
Fins
73.3%
Wie plakken de stickers op de muur?
de stickerbende
71.1%
Wie komt er in het Youtube-
filmpje uiteraard te laat?
Jeff
71.1%
Dankzij wie is er de regel: je moet scoren, anders moet je erbij staan?
Wouter de Hunter
71.1%
Vraag
Antwoord
% Correct
Hoe noemde Jano S. hard schieten ook wel?
Peunen
66.7%
Wie kreeg, een paar uur voor zijn examenfeest, een beste vleeswond in zijn been bij de bal van het dak afhalen?
Vosje
66.7%
Wanneer mag je niet scoren?
als er een discussie gaande is
64.4%
Kwam Goeie Arie wel eens bij het ezelen kijken?
Ja, maar niet te lang, want er was geen bankje
64.4%
Wie is/
was de man van de 'sneaky kopballetjes'?
Kos
62.2%
Wie werd altijd genaaid?
Baaaaaaaart
60%
Wie gaat er naar huis als het donker wordt?
Jeff
60%
Bij het gebruik van welk woord kost het je tegenwoordig, bij een potje ezelen, een punt?
een bepaalde ziekte
57.8%
Wie is het lopend scorebord?
Vochem
48.9%
Wat is één van de meest memorabele dagen in de geschiedenis van het ezelen?
06-06-'07
46.7%
Zo ja, wat zei Goeie Arie dan?
Dikke lul
46.7%
Wie vroeg hem om buiten te komen spelen?
Oost
46.7%
Welke club zijn sticker werd/
wordt dankbaar gebruik van gemaakt in de Gruitersmalaan om de lat mee aan te duiden?
VV Emmen
46.7%
Wie stond ook wel bekend als Pierre van Hooijdonk?
Marco Dijkstra
44.4%
Welk kind werd ooit gevraagd om buiten te komen spelen, terwijl dit kind normaal gesproken allemaal scheldwoorden over zich heen krijgt?
Emiel
44.4%
Hoe wordt tegenwoordig ook wel een rookpauze genoemd?
peukje pauze
42.2%
Welk duo kwam alleen als de ander (van dat duo dus) ook zou komen?
Peter en Willem-Jan
40%
Wie ging altijd naar huis als hij moest staan?
Erwin Dijkstra
35.6%
Wat wordt er gezegd als er geappeleerd is voor hands, terwijl dit geen hands was?
Kwam toch in de buurt, juh
33.3%
Hoe heet de gentleman agreement, wanneer een speler een andere speler per ongeluk 'naait'?
Risico bal
31.1%
Bij het uitspreken van welk woord is schieten zinloos?
beouh
22.2%
Wie droeg wel eens keeperhandschoenen bij het keepen, maar niet als veldspeler?
Peter van Beek
17.8%
Quiz Playlist
Details
Report
Send in Message
Add To Playlist
More Info:
Dutch, weest wel?
Classic:
Type in answers that appear in a list
Forced Order:
Answers have to be entered in order
Last Updated: Feb 16, 2017
Quiz Scoreboard
CHALLENGE
Sign Up to Join the Scoreboard
Show All
Scores
Hide
Comments
May contain spoilers
Recently Published
Street Fighter Characters
by Artimus82
Gaming
60s
9x9 Crossword: Cartoon Network
by jackfrog10
Miscellaneous
3m
College Basketball Coaching Resumes
by pancakes188
Sports
9m
More to Explore
Quiz From the Vault
Featured Blog Post
Where Did the Easter Bunny Come From?
hide this ad
You Might Also Like...
Tags
Antwoord
Vraag
Today's Top Quizzes in Sports
Browse Sports
hide this ad
Top Contributed Quizzes in Sports
1
2022 World Cup Stars
2
Les meilleurs buteurs des matchs entre le PSG et l’OM
3
FIFA Club World Cup Champions
4
Les entraîneurs de l'OM et du PSG au 21e siècle
5
Criteria MLB: Left Handed Sluggers
6
2023 MLB Unique Player Accomplishments
7
AFC Teams Reveal (Wrong Answers Minefield)
8
Players with Multiple 50 Home Run Seasons
9
5-to-1: FBS Animal Nicknames
10
5-to-1: UK Sports Teams
Explore More
Trending Topics
Kpop
Marvel
Harry Potter
Crossword
Anime
Disney
NBA
Country
NFL
Puzzle
Song
Pokémon
Soccer
WWE
The Office
hide this ad
More By:
Kassie91
Quiz
Plays
Rating
Category
Featured
Created
Drake songs by clip
2,512
3.50
Music
Nov 1, 2010
Drake songs 2 (clip)
930
4.25
Music
May 12, 2011
Usher song by clip
916
4.00
Music
Nov 4, 2010
British song by clip
661
4.00
Music
Nov 5, 2010
BET Top 10 Rappers
656
3.00
Music
Oct 18, 2010
Go to Creator's Profile
Score Distribution
Quiz Creator Spotlight
Kassie91
Follow
Send a Message
Quizzes Created
-
Created Quiz Play Count
-
More By This Creator
Popular Quizzes Today
1
Find the US States - No Outlines Minefield
2
Find the Countries of Europe - No Outlines Minefield
3
The Countries of the World
4
Find the US States
5
Risky Map Clicking: Biggest States A-Z
6
US States
7
Popular People in 1961
8
Movies - When Are They Set?
More Sports Quizzes
Super Bowl Gatorade Showers
Published
Trending Quizzes
Risky Map Clicking: Least Populous States A-Z
1-10 Letter G Words
Risky Map Clicking: Next State Alphabetically
Adjectives in 80s TV Shows
The Seven Year Switch: Catherine
Recently Updated
Leaping Animals
pecheneg
Reality TV Shows (A-Z)
bhenderson79
Rickey Henderson's Hall of Fame Teammates
pecheneg
Champions League XIs: Arsenal
pecheneg
Quick Pick: Celebrities in WWE's Hall of Fame
aduchscher
A-Z Keypad Blitz II
pecheneg
Multiple Oscar Actors
pecheneg
Mystery Phrase Blitz: Oscar 'Best Actors'
pecheneg
F. Scott Fitzgerald Novels
LTH
Pick 3 Villains
ddd62291
Trending Topics
Disney
Anime
Kpop
Harry Potter
NBA
Marvel
Crossword
Soccer
WWE
Country
Puzzle
The Office
NFL
Song
Pokémon
Your Account Isn't Verified!
In order to create a playlist on Sporcle, you need to verify the email address you used during registration. Go to your
Sporcle Settings
to finish the process.
Report this User
Report this user for behavior that violates our
Community Guidelines
.
Details:
Send Report
Go to the Sporcle.com Mobile Site →
Comments